000 00753nam a22002057a 4500
003 OSt
005 20250730054457.0
008 250730b |||||||| |||| 00| 0 eng d
020 _a9715554237
040 _aDWCL-Main lib
_cOC
082 _aFil. 899.2111 H43b 2003
100 _aHernandez, Amado V.
245 _aBullets and roses :
_bthe poetry of Amado V. Hernandez Bautista/
_cAmado V. Hernandez
250 _aBilingual edition.
260 _aManila :
_b De La Salle University Press,
_cc2003
300 _a165 pages :
_c 21 cm.
650 _a1. Hernandez, amado V., 1903-1970--Criticisms and interpretation.
650 _a2. Hernandez, Amado V., 1903-1970--Translations into English.
942 _2ddc
_cBK - FIL
_eBilingual edition.
_kFil.
_n0
999 _c3898
_d3898